Statistics for Alabama Former and Current Municipalities

Click here to take the quiz!

General Stats

  • This quiz has been taken 6 times
    (4 since last reset)
  • The average score is 36 of 761

Answer Stats

Municipality% Correct
Bessemer
100%
Birmingham
100%
Florence
100%
Huntsville
100%
Mobile
100%
Montgomery
100%
Selma
100%
Addison
50%
Alexander City
50%
Andalusia
50%
Anniston
50%
Atmore
50%
Auburn
50%
Butler
50%
Clanton
50%
Columbia
50%
Coosada
50%
Cullman
50%
Decatur
50%
Dothan
50%
Epes
50%
Eufaula
50%
Foley
50%
Franklin
50%
Fulton
50%
Gadsden
50%
Greenville
50%
Hope Hull
50%
Jack
50%
Jackson
50%
Jasper
50%
Kimberly
50%
Leeds
50%
Lincoln
50%
Millbrook
50%
Monroe
50%
Monroeville
50%
Muscle Shoals
50%
Opelika
50%
Opp
50%
Ozark
50%
Pell City
50%
Phenix City
50%
Pike Road
50%
Pine Level
50%
Prattville
50%
Scottsboro
50%
Talladega
50%
Troy
50%
Tuscaloosa
50%
Tuskegee
50%
Washington
50%
Wetumpka
50%
Abanda
0%
Abbeville
0%
Abel
0%
Abernant
0%
Acmar
0%
Ada
0%
Adamsville
0%
Adger
0%
Aigleville
0%
Akron
0%
Alabama City
0%
Alabama Port
0%
Alabaster
0%
Alberta
0%
Albertville
0%
Alden
0%
Alexandria
0%
Aliceville
0%
Allen
0%
Allgood
0%
Alma
0%
Almond
0%
Alpine
0%
Alton
0%
Altoona
0%
Anderson
0%
Anne Manie
0%
Aquilla
0%
Arab
0%
Arcola
0%
Arcola Ferry
0%
Ardmore
0%
Ariton
0%
Arkadelphia
0%
Arley
0%
Arlington
0%
Armstrong
0%
Ashford
0%
Ashland
0%
Ashville
0%
Athens
0%
Attalla
0%
Augusta
0%
Autaugaville
0%
Awin
0%
Axis
0%
Baileyton
0%
Bainbridge
0%
Baldwin
0%
Ballplay
0%
Bangor
0%
Banks
0%
Bankston
0%
Barfield
0%
Barlow
0%
Barnett's Crossroads
0%
Barney
0%
Barnsville
0%
Bassetts Creek
0%
Battelle
0%
Battens Crossroads
0%
Bay Minette
0%
Bayou La Batre
0%
Bazemore
0%
Bear Creek
0%
Beatrice
0%
Beaver Meadow
0%
Beaver Mills
0%
Beaverton
0%
Belgreen
0%
Belk
0%
Bellamy
0%
Belle Fontaine
0%
Bellefonte
0%
Belle Mina
0%
Belleville
0%
Bellwood
0%
Berry
0%
Beulah
0%
Bigbee
0%
Big Cove
0%
Birmingport
0%
Black
0%
Bladon Springs
0%
Blakeley
0%
Blanche
0%
Blount Springs
0%
Blountsville
0%
Blue Ridge
0%
Bluff
0%
Bluff City
0%
Bluff, Monroe
0%
Bluffton
0%
Boaz
0%
Boligee
0%
Bolinger
0%
Bolling
0%
Bon Secour
0%
Booth
0%
Boston
0%
Boykin
0%
Bradford
0%
Bradley
0%
Braggs
0%
Branchville
0%
Brantley
0%
Brantleyville
0%
Bremen
0%
Brent
0%
Brewton
0%
Bridgeport
0%
Brierfield
0%
Brilliant
0%
Bristow Cove
0%
Bromley
0%
Brook Highland
0%
Brooklyn
0%
Brookside
0%
Brooksville
0%
Brookwood
0%
Broomtown
0%
Browns
0%
Brownsboro
0%
Brownville
0%
Brundidge
0%
Bryant
0%
Bucks
0%
Buena Vista
0%
Buhl
0%
Bullock
0%
Bull Slough
0%
Burkville
0%
Burmuda
0%
Burningtree Mountain
0%
Burnt Corn
0%
Burntout
0%
Burnwell
0%
Bynum
0%
Caddo
0%
Cahaba
0%
Calera
0%
Calhoun
0%
Calvert
0%
Camden
0%
Campbell
0%
Camp Hill
0%
Capshaw
0%
Carbon Hill
0%
Carlisle-Rockledge
0%
Carlton
0%
Carrollton
0%
Castleberry
0%
Catherine
0%
Cecil
0%
Cedar Bluff
0%
Cedric
0%
Centerdale
0%
Centerville
0%
Centre
0%
Centreville
0%
Chancellor
0%
Chandler Springs
0%
Chapman
0%
Chatom
0%
Chelsea
0%
Cherokee
0%
Childersburg
0%
Chilton
0%
Choccolocco
0%
Choctaw Corner
0%
Chulafinnee Placers
0%
Chunchula
0%
Citronelle
0%
Claiborne
0%
Clarke
0%
Clarkesville
0%
Clarkeville
0%
Claud
0%
Clay
0%
Clayton
0%
Cleveland
0%
Clio
0%
Clopton
0%
Cloverdale
0%
Coaling
0%
Coats Bend
0%
Coden
0%
Coffee Springs
0%
Coffeeville
0%
Coker
0%
Colbert
0%
Collinsville
0%
Columbiana
0%
Concord
0%
Cook Springs
0%
Cordova
0%
Corner
0%
Cottondale
0%
Cottonton
0%
Cottonwood
0%
Courtland
0%
Covington
0%
Covington Courthouse
0%
Cowarts
0%
Coy
0%
Cragford
0%
Crane Hill
0%
Crawford
0%
Creola
0%
Cromwell
0%
Cropwell
0%
Crosston
0%
Crossville
0%
Cuba
0%
Cullomburg
0%
Dadeville
0%
Daleville
0%
Dallas
0%
Danville
0%
Daphne
0%
Dauphin Island
0%
Davis Creek
0%
Daviston
0%
Dawson
0%
De Armanville
0%
Deatsville
0%
Deer Park
0%
Delmar
0%
Delta
0%
Demopolis
0%
Detroit
0%
Dickinson
0%
Dixiana
0%
Dixons Mills
0%
Docena
0%
Dolomite
0%
Dora
0%
Double Springs
0%
Douglas
0%
Dozier
0%
Dumphries
0%
Duncanville
0%
Dunnavant
0%
Dutton
0%
Eastaboga
0%
East Point
0%
Eclectic
0%
Edgewater
0%
Egypt
0%
Eight Mile
0%
Elba
0%
Elberta
0%
Elgin
0%
Elkmont
0%
Emerald Mountain
0%
Empire
0%
Enterprise
0%
Equality
0%
Erie
0%
Eunola
0%
Eutaw
0%
Eva
0%
Evergreen
0%
Excel
0%
Failetown
0%
Fairfield
0%
Fairford
0%
Fairhope
0%
Falkville
0%
Fayette
0%
Fayetteville
0%
Finchburg
0%
Finchburgh, Finchberg
0%
Fitzpatrick
0%
Flat Rock
0%
Flomaton
0%
Florala
0%
Forestdale
0%
Forkland
0%
Fort Deposit
0%
Fort Gaines
0%
Fort McClellan
0%
Fort Mitchell
0%
Fort Morgan
0%
Fort Payne
0%
Fort Rucker
0%
Fredonia
0%
Frisco City
0%
Fruitdale
0%
Fruithurst
0%
Fultondale
0%
Fusihatchee
0%
Fyffe
0%
Gainesville
0%
Gallant
0%
Gallion
0%
Gantt
0%
Gantts Quarry
0%
Garden City
0%
Gardendale
0%
Geneva
0%
Georgiana
0%
Geraldine
0%
Glen Allen
0%
Gold Log Mine
0%
Goodwater
0%
Gordo
0%
Gordon
0%
Gorham's Bluff
0%
Goshen
0%
Grady
0%
Graham
0%
Grand Bay
0%
Grant
0%
Grayson Valley
0%
Graysville
0%
Greenhill
0%
Green Pond
0%
Greensboro
0%
Grove Hill
0%
Grove Oak
0%
Guin
0%
Gulfcrest
0%
Gulf Shores
0%
Gum Springs
0%
Guntersville
0%
Gurley
0%
Hackleburg
0%
Hackneyville
0%
Hale
0%
Haleyville
0%
Hamilton
0%
Hanceville
0%
Harpersville
0%
Hartford
0%
Hartselle
0%
Harvest
0%
Hatchechubbee
0%
Hatton
0%
Hayden
0%
Hayneville
0%
Hazel Green
0%
Headland
0%
Heflin
0%
Helena
0%
Henagar
0%
Higdon
0%
Highland Home
0%
Highland Lakes
0%
Hillsboro
0%
Hissop
0%
Hobson
0%
Hodges
0%
Hollins
0%
Hollis Crossroads
0%
Holly Pond
0%
Hollywood
0%
Holt
0%
Holtville
0%
Holy Trinity
0%
Hoods Crossroads
0%
Houston
0%
Huguley
0%
Hulaco
0%
Hurtsboro
0%
Ider
0%
Ikanhutki
0%
Inverness
0%
Irvington
0%
Ivalee
0%
Jacksons Gap
0%
Jacksonville
0%
Java
0%
Jemison
0%
Jones Camp Ground
0%
Joppa
0%
Kansas
0%
Kaulton
0%
Kellerman
0%
Kennedy
0%
Kent
0%
Killen
0%
Kimbrough
0%
Kinston
0%
Knoxville
0%
Kulumi
0%
Lacey's Spring
0%
Lacon
0%
Ladonia
0%
Lake Purdy
0%
Lanett
0%
Langston
0%
Leesburg
0%
Leighton
0%
Le Moyne
0%
Lenox
0%
Leroy
0%
Letohatchee
0%
Lexington
0%
Lillian
0%
Linden
0%
Lineville
0%
Lisman
0%
Livingston
0%
Lockhart
0%
Locust Fork
0%
Lookout Mountain
0%
Louina
0%
Louisville
0%
Lower Peachtree
0%
Loxley
0%
Luverne
0%
Lynn
0%
Macedonia
0%
Madison
0%
Majestic
0%
Malcolm
0%
Malvern
0%
Manasco
0%
Maplesville
0%
Marbury
0%
Margaret
0%
Marion
0%
Marion Junction
0%
Marvyn
0%
Masseyline
0%
Massillon
0%
McCalla
0%
McDonald Chapel
0%
Mc Intosh
0%
Mc Kenzie
0%
Meadowbrook
0%
Megargel
0%
Mellow Valley
0%
Mentone
0%
Meridianville
0%
Midland City
0%
Midway
0%
Mignon
0%
Millers Ferry
0%
Millerville
0%
Millport
0%
Millry
0%
Minden
0%
Minor
0%
Mon Louis
0%
Montevallo
0%
Montezuma
0%
Montrose
0%
Moody
0%
Moores Mill
0%
Morgan
0%
Morgan City
0%
Morgan Stream
0%
Morris
0%
Morrison Crossroads
0%
Moulton
0%
Moulton Heights
0%
Moundville
0%
Mountain Creek
0%
Mountain Mills
0%
Mount High
0%
Mount Hope
0%
Mount Meigs
0%
Mount Olive
0%
Mount Vernon
0%
Movico
0%
Mukalasi
0%
Mulga
0%
Munford
0%
Nanafalia
0%
Nances Creek
0%
Nauvoo
0%
Newbern
0%
New Brockton
0%
Newell
0%
New Hope
0%
New Market
0%
Newton
0%
New Union
0%
Newville
0%
Normal
0%
Northport
0%
Notasulga
0%
Nottingham
0%
Oak Grove
0%
Oakman
0%
Oakville
0%
Odena/Shirtee Plantation/Odena Plantation/Oden's Mill
0%
Odenville
0%
Ohatchee
0%
Old Ramer
0%
Oneonta
0%
Orange Beach
0%
Orion
0%
Orrville
0%
Our Town
0%
Owens Cross Roads
0%
Oxford
0%
Palmerdale
0%
Panola
0%
Pansey
0%
Parrish
0%
Pelham
0%
Pennington
0%
Penton
0%
Perote
0%
Peterman
0%
Peterson
0%
Phil Campbell
0%
Pickens
0%
Piedmont
0%
Pikeville
0%
Pinckard
0%
Pine Hill
0%
Pinson
0%
Pisgah
0%
Place Name
0%
Plantersville
0%
Pleasant Grove
0%
Point Clear
0%
Prairie Bluff/Prairie Blue
0%
Prairieville
0%
Putnam
0%
Quinton
0%
Ragland
0%
Rainbow City
0%
Rainsville
0%
Ralph
0%
Ramer
0%
Ranburne
0%
Randolph
0%
Range
0%
Ray
0%
Red Bay
0%
Red Hill
0%
Redland
0%
Red Level
0%
Redstone Arsenal
0%
Reeltown
0%
Reform
0%
Remlap
0%
Repton
0%
River Falls
0%
Riverside
0%
Riverton
0%
Roanoke
0%
Robertsdale
0%
Rockcastle
0%
Rock Creek
0%
Rockford
0%
Rock Mills
0%
Rockville
0%
Rogersville
0%
Russellville
0%
Rutledge
0%
Safford
0%
Saginaw
0%
Saks
0%
Salem
0%
Samantha
0%
Samson
0%
Saraland
0%
Satsuma
0%
Sawonagi
0%
Sawyerville
0%
Sayre
0%
Seale
0%
Section
0%
Selfville
0%
Selmont-West Selmont
0%
Seminole
0%
Semmes
0%
Sheffield
0%
Shelby
0%
Shoal Creek
0%
Shorter
0%
Silas
0%
Silverhill
0%
Sims Chapel
0%
Sipsey
0%
Slocomb
0%
Smoke Rise
0%
Snow Hill
0%
Somerville
0%
Spanish Fort
0%
Spring Garden
0%
Spring Hill
0%
Spring Valley
0%
Springville
0%
Sprott
0%
Spruce Pine
0%
Standing Rock
0%
Stanton
0%
Stapleton
0%
St. Clair Springs
0%
Steele
0%
Sterrett
0%
Stevenson
0%
Stewartville
0%
Stockton
0%
Straight Mountain
0%
St. Stephens
0%
Sulligent
0%
Sumiton
0%
Summerdale
0%
Summit
0%
Sweet Water
0%
Sylacauga
0%
Sylvania
0%
Tallassee
0%
Tannehill
0%
Tanner
0%
Tensaw
0%
Theodore
0%
Thomaston
0%
Thomasville
0%
Thorsby
0%
Tibbie
0%
Tidmore Bend
0%
Tillmans Corner
0%
Tooktocaugee
0%
Town Creek
0%
Trafford
0%
Trinity
0%
Trussville
0%
Turkey Town
0%
Tuscumbia
0%
Underwood-Petersville
0%
Union Springs
0%
Uniontown
0%
Uriah
0%
Valhermoso Springs
0%
Valley
0%
Valley Head
0%
Vance
0%
Vandiver
0%
Verbena
0%
Vernon
0%
Vienna
0%
Village Springs
0%
Vina
0%
Vincent
0%
Vinegar Bend
0%
Vineland
0%
Vinemont
0%
Vredenburgh
0%
Wadley
0%
Wagarville
0%
Walker
0%
Wallace
0%
Walnut Grove
0%
Warrior
0%
Waterloo
0%
Watson
0%
Waugh
0%
Weaver
0%
Webb
0%
Wedowee
0%
Weogufka
0%
West Blocton
0%
West End-Cobb Town
0%
Whatley
0%
White Plains
0%
Whitesboro
0%
Wilcox
0%
Wilmer
0%
Wilsonville
0%
Wilton
0%
Winfield
0%
Winston
0%
Winterboro
0%
Woodville
0%
Wren
0%
Yellow Pine
0%
York
0%

Score Distribution

Percentile by Number Answered

Percent of People with Each Score

Your Score History

You have not taken this quiz since the last reset